| 000 | 00733nam a2200193 i 4500 | ||
|---|---|---|---|
| 001 | 32842 | ||
| 003 | ES-MaACL | ||
| 005 | 20250828000903.0 | ||
| 007 | t| | ||
| 008 | 030131s1957 sp ||||1| spa d | ||
| 100 | 1 |
_aBenito Ruano, Eloy. _927689 |
|
| 245 | 1 | 0 |
_aDon Pedro Sarmiento _b: Repostero Mayor de Juan II de Castilla : datos biográfico-documentales / _cEloy Benito Ruano. |
| 260 |
_a[Madrid] : _bConsejo Superior de Investigaciones Científicas, Instituto Jerónimo Zurita, _c[1957]1 ( _fDiana) |
||
| 300 |
_a24 p. ; _c24 cm. |
||
| 500 | _aEs separata de: Hispania, 1957, n. LXIX, p. 483-504, t. XVII. | ||
| 710 | 2 |
_aInstituto Jerónimo Zurita _95106 |
|
| 852 |
_aES-MaACL _j2000-F-11 _bR.41910 |
||
| 999 |
_c32842 _d32842 |
||